Regresné modely v teórii kredibility dizertačná práca

Enregistré dans:
Détails bibliographiques
Auteur principal: Šoltés, Erik, 1974-
Collectivité auteur: Fakulta hospodárskej informatiky EU. Katedra štatistiky
Autres auteurs: Pacáková, Viera
Format: Livre
Langue:slovaque
Publié: Bratislava 2004
Sujets:
Tags: Ajouter un tag
Pas de tags, Soyez le premier à ajouter un tag!

MARC

LEADER 00000nam$a2200000$$$4500
001 0036765
005 20240502071452.9
041 0 |a slo 
044 |a SK 
245 1 0 |a Regresné modely v teórii kredibility  |b dizertačná práca  |c Erik Šoltés ; školiteľ: Viera Pacáková 
264 1 |a Bratislava  |c 2004 
300 |a 134 s. 
610 2 0 |a teória kredibility 
610 2 0 |a modely regresné 
610 2 0 |a poistenie 
610 2 0 |a plnenie poistné 
610 2 0 |a legislatíva 
610 2 0 |a kalkulácia 
100 1 |a Šoltés, Erik, 1974- 
700 1 |a Pacáková, Viera 
710 2 |a Fakulta hospodárskej informatiky EU. Katedra štatistiky